000 00291nam a22001457a 4500
003 SGT
082 _a370
_bA13S
100 _aSEN, AMRIT
245 _aADHYAPAK SHIKSHA
250 _a2ND
260 _aNEW DELHI
_bINDIAN PUB
_c2013
300 _a232
650 _aEDUCATION
942 _2ddc
_cBK
999 _c11699
_d11699